Guarantors liability to take up new lease (Record no. 71317)

MARC details
000 -LEADER
fixed length control field 00899cam a2200205 4500
001 - CONTROL NUMBER
control field WB3837-15
008 - FIXED-LENGTH DATA ELEMENTS--GENERAL INFORMATION
fixed length control field 021007n2002 000 0 eng u
035 ## - SYSTEM CONTROL NUMBER
System control number (Sirsi) u120019
245 ## - TITLE STATEMENT
Title Guarantors liability to take up new lease
260 ## - PUBLICATION, DISTRIBUTION, ETC.
Date of publication, distribution, etc. 2002
490 ## - SERIES STATEMENT
Series statement Estates Gazette
Volume/sequential designation (0240) 5 October 2002, 168(1)
520 ## - SUMMARY, ETC.
Summary, etc. Examines recent case "Active Estates Ltd v Parness" (ChD, Abs65961) where the High Court ruled that a landlord who takes possession after a disclaimer, will lose the right to require a guarantor to take a new lease. Decided that whether or not possession has been taken depends on particular circumstances.
590 ## - LOCAL NOTE (RLIN)
Local note WB
650 ## - SUBJECT ADDED ENTRY--TOPICAL TERM
Topical term or geographic name entry element GUARANTOR LIABILITY
650 ## - SUBJECT ADDED ENTRY--TOPICAL TERM
Topical term or geographic name entry element ACTIVE ESTATES LTD V PARNESS AND ANOTHER
650 ## - SUBJECT ADDED ENTRY--TOPICAL TERM
Topical term or geographic name entry element LAW OF PROPERTY (MISCELLANEOUS PROVISIONS) ACT 1989
650 ## - SUBJECT ADDED ENTRY--TOPICAL TERM
Topical term or geographic name entry element DISCLAIMERS
690 ## - LOCAL SUBJECT ADDED ENTRY--TOPICAL TERM (OCLC, RLIN)
Topical term or geographic name as entry element PROPERTY-LANDLORD AND TENANT
942 ## - ADDED ENTRY ELEMENTS (KOHA)
Suppress in OPAC 0
Holdings
Withdrawn status Lost status Source of classification or shelving scheme Damaged status Not for loan Home library Current library Shelving location Date acquired Total Checkouts Full call number Barcode Date last seen Copy number Price effective from Koha item type
    Dewey Decimal Classification     London London News article 07/10/2002   WB3837-15 120019-1001 06/08/2019 1 06/08/2019 News article